| 000 | 01046nam0a22002891 4500 | ||
|---|---|---|---|
| 001 | v19\rc\1888819 | ||
| 005 | 20260406100409.0 | ||
| 035 | _a(NLR Aleph) 005260782 | ||
| 090 |
_a5899550 _c5899550 |
||
| 100 | _a20080221d1910 |||y0rusy50 ca | ||
| 101 | 0 | _arus | |
| 102 | _aRU | ||
| 105 | _aa b |||a| | ||
| 200 | 1 |
_aСестра Катерина _e[Рассказ] _fЛ. Черский _gС рис. А.А. Кучеренко и др. |
|
| 210 |
_aМосква _cТипо-лит. т-ва Владимир Чичерин в Москве _d1910 |
||
| 215 |
_a32 с. _cил. _d22 |
||
| 532 | 1 | 3 | _aСестра Катерина |
| 700 | 1 |
_8rus _7ca _aЧерский _bЛ. Ф. _gЛеонид Федорович _3RU\NLR\AUTH\7776304 _959232 |
|
| 702 | 1 |
_aКучеренко _bА.А. _cхудожник _4440 |
|
| 801 | 0 |
_aRU _bNLR _c20080221 _gpsbo |
|
| 801 | 0 |
_aRU _bRuMoRGB _c20080221 _2psbo |
|
| 801 | 1 |
_aRU _bProSoft-M _c20080221 _2rusmarc |
|
| 801 | 2 |
_aRU _bNLR _c20090422 _2rusmarc |
|
| 852 |
_aNLR _j34.87.6.412 |
||
| 942 | _cBOOK | ||
| 980 | _aNB | ||